Actos preparatorios, tentativa y consumación del delito / (Registro nro. 5877)
[ vista simple ]
| 000 -Cabecera (24) | |
|---|---|
| Campo de control interno | 01139nam a22003134a 4500 |
| 001 - Número de control | |
| Campo de control | PE-BaUNAB |
| 005 - Fecha y hora de la | |
| Campo de control | 20260226200338.0 |
| 006 - ELEMENTOS DE DATOS DE LONGITUD FIJA - CARACTERÍSTICAS ADICIONALES DEL MATERIAL - INFORMACIÓN GENERAL | |
| Campo de control de longitud fija | a||||gr|||| 001 0 |
| 007 - Tipo material - Descripcion fisica - info general | |
| Tipo material | ta |
| 008 - Códigos de longitud fija (40p) | |
| Campo de control de longitud fija | t pe gr 00| 0 spa d |
| 017 ## - Depósito legal | |
| Depósito legal | 2025-03980 |
| 020 ## - INTERNATIONAL STANDARD BOOK NUMBER | |
| ISBN | 9786124948039 |
| 040 ## - Origen de la Catalogacion | |
| Origen de la Catalogacion | PE-BaUNAB |
| 041 ## - Código de idioma | |
| Código de lengua del texto/banda sonora o título independiente (R) | spa |
| 043 ## - Pais ISO | |
| País ISO | per |
| 082 ## - Número de clasificación | |
| Clasificación | 344.2 |
| 100 ## - Autor personal | |
| Autor personal | Pérez López, Jorge A |
| 9 (RLIN) | 7111 |
| 245 ## - Titulo | |
| Titulo | Actos preparatorios, tentativa y consumación del delito / |
| Mención de responsabilidad | Jorge Pérez López |
| 260 ## - Pie de imprenta | |
| Ciudad | Lima : |
| Nombre de la editorial | Cromeo Editores, |
| Año | 2025. |
| 300 ## - Descripción física | |
| Extensión | 297 p. ; |
| Dimensiones | 24 cm. |
| 504 ## - Nota de bibliografía | |
| Nota de bibliografía | Bibliografía: p. 283-297. |
| 505 ## - Nota de contenido | |
| Nota de contenido | Fases del desarrollo el delito. -- La ideación. -- La preparación ( actos preparatorios). -- La ejecución. -- La consumación. -- Supuestos de impunidad. |
| 650 ## - Temas - Descriptores | |
| Temas - Descriptores | Actos preparatorios del delito-- -Aspectos jurídicos. |
| 9 (RLIN) | 13256 |
| 650 ## - Temas - Descriptores | |
| Temas - Descriptores | Tentativa de delito-- -Aspectos jurídicos. |
| 9 (RLIN) | 13257 |
| 650 ## - Temas - Descriptores | |
| Temas - Descriptores | Delitos-- -Aspectos jurídicos. |
| 9 (RLIN) | 13258 |
| 650 #0 - Temas - Descriptores | |
| Temas - Descriptores | Delitos (Derecho penal) |
| Subdivisión geográfica | Perú |
| 9 (RLIN) | 4891 |
| 710 ## - Asiento secundario - Autor corporativo | |
| Nombre de la entidad corporativa o nombre de jurisdicción como elemento inicial | Gaceta Jurídica (Lima) |
| 9 (RLIN) | 9251 |
| 942 ## - Datos personalizados Koha | |
| Fuente de clasificación | Dewey Decimal Classification |
| Tipo de Documento | Libros |
| Fecha procesamiento | 2026-02-24 |
| Catalogador | IRQ / FTMR |
| Fuente de Clasificacion | Colección | Ubicacion permanente | Ubicacion actual | Fecha de adquisicion a la Biblioteca | Prestamos | Signatura | Código de barras | Ultima fecha de verificacion | Tipo de ítem | Ejemplar |
|---|---|---|---|---|---|---|---|---|---|---|
| Dewey Decimal Classification | Derecho | UNAB | UNAB | 02/24/2026 | 344.2 P45 | 01L000007695 | 02/24/2026 | Libros | ||
| Dewey Decimal Classification | Derecho | UNAB | UNAB | 02/24/2026 | 344.2 P45 | 01L000007696 | 02/24/2026 | Libros | Ej.2 | |
| Dewey Decimal Classification | Derecho | UNAB | UNAB | 02/24/2026 | 344.2 P45 | 01L000007697 | 02/24/2026 | Libros | Ej.3 |
